Provincia Itallia, Progetto di Pastorale Vocazionale e Iter Formativo (Record n. 38193)

Dettagli MARC
000 -LEADER
fixed length control field 00899nam a22001697a 4500
003 - CONTROL NUMBER IDENTIFIER
control field IT-RoPau
005 - DATE AND TIME OF LATEST TRANSACTION
control field 20220918175943.0
008 - FIXED-LENGTH DATA ELEMENTS--GENERAL INFORMATION
fixed length control field 130307b xxu||||| |||| 00| 0 eng d
040 ## - CATALOGING SOURCE
Transcribing agency IT-RoPau
245 ## - TITLE STATEMENT
Title Provincia Itallia, Progetto di Pastorale Vocazionale e Iter Formativo
Remainder of title Triennio 1996 - 1999
250 ## - EDITION STATEMENT
Edition statement 1° ed
260 ## - PUBLICATION, DISTRIBUTION, ETC. (IMPRINT)
Place of publication, distribution, etc. Roma
Name of publisher, distributor, etc. SSP
Date of publication, distribution, etc. 1997
300 ## - PHYSICAL DESCRIPTION
Extent 35 pp.
Dimensions 21 cm
490 ## - SERIES STATEMENT
Series statement Società San Paolo Provincia Italia.
520 ## - SUMMARY, ETC.
Summary, etc. Indice<br/><br/>Indicazioni del Governo Generale<br/>Premessa<br/>Obiettivo generale<br/><br/>1. Animazione vocazionale<br/>2. Formazione di base<br/>3. Formazione permanente<br/>Bibliografia<br/><br/>Iter Formativo per la Provincia Italia<br/>Bozza presentata per l' approvazione al Governo Generale*<br/><br/>1. Organizzazione del settore di pastorale vocazionale paolina<br/>2. Piano per la Pastorale Vocazionale<br/>3. Piano per la formazione di base<br/>4. Piano per la formazione permanente
942 ## - ADDED ENTRY ELEMENTS (KOHA)
Source of classification or shelving scheme Dewey Decimal Classification
Koha item type LIBRO
Dati di copia
Withdrawn status Lost status Source of classification or shelving scheme Damaged status Not for loan Home library Current library Date acquired Total Checkouts Full call number Date last seen Price effective from Koha item type
    Dewey Decimal Classification Buone Condizioni Not For Loan PAULUS-BIBLIOTECA PAULUS-BIBLIOTECA 07/03/2013   P C3 07/03/2013 07/03/2013 LIBRO
    Dewey Decimal Classification Buone Condizioni Not For Loan PAULUS-BIBLIOTECA PAULUS-BIBLIOTECA 07/03/2013   P C3 07/03/2013 07/03/2013 LIBRO
    Dewey Decimal Classification Buone Condizioni Not For Loan PAULUS-BIBLIOTECA PAULUS-BIBLIOTECA 07/03/2013   P C3 07/03/2013 07/03/2013 LIBRO
    Dewey Decimal Classification Buone Condizioni Not For Loan PAULUS-BIBLIOTECA PAULUS-BIBLIOTECA 07/03/2013   P C3 07/03/2013 07/03/2013 LIBRO
CREDITS: SOCIETA' SAN PAOLO Via A.Severo, 58 - ROMA (RM) & PERIODICI SAN PAOLO SRL Via Giotto, 36 MILANO & CISF Via Giotto, 36 MILANO & EDIZIONI SAN PAOLO SRL,  Piazza Soncino, 5 CINISELLO BALSAMO (MI) -- ITALY